000 01008nam a2200217 a 4500
008 120416s1980 ||||||||||||||||| || u
020 _a0566021641
050 _aTH 4524 Kha
100 _aStallworthy, E. A
245 1 0 _aProject cost control in action
260 _aAldershot, Eng.
_bGower
_c1980
300 _axxii, 273p. : ill.
350 _a0.00
650 _aINDUSTRIAL PROJECT MANAGEMENT
650 _aCHEMICAL PLAN--DESIGN AND CONSTRUCTION--COST CONTROL
700 _aKharbanda, O. P
700 _aWilliam, L. F
995 _aANNEX COLLECTION (Main Library)
_D0.00
_e708251
_FCBU-MAIN LIBRARY (Kitwe)
_H3
_I21.00
_jTH 4524 Kha
_M3
_UAVAILABLE
_y015349
_ZAnnex Low-Usage Collection
995 _aANNEX COLLECTION (Main Library)
_D0.00
_e708252
_FCBU-MAIN LIBRARY (Kitwe)
_H2
_I21.00
_jTH 4524 Kha
_M1
_UAVAILABLE
_y015350
_ZAnnex Low-Usage Collection
995 _aANNEX COLLECTION (Main Library)
_D0.00
_e705341
_FCBU-MAIN LIBRARY (Kitwe)
_H1
_I21.00
_jTH 4524 Kha
_M2
_UAVAILABLE
_y015348
_ZAnnex Low-Usage Collection
999 _c77083
_d77083